00524nam a22001697a 450000500170000001000150001702000230003203500140005503700130006908200110008210000200009324500840011326000370019727000780023430000210031250000210033320180608165712.0 aENG-123178 a8178243520c695.00 aEN-106710 bDBAD/PUB a954.09 aSudipta Kaviraj aThe trajectories of the Indian state:cby Sudipta Kavirajbpolitics and ideas / aNew DelhibPermanent Blackc2016 aHimalayana, Mall Road, Ranikhet Cantt, Ranikhet 263645bNew Delhie110092 a281p.c21cm(pbk) ait include index